Stories from East high : (Record no. 8006)

MARC details
000 -LEADER
fixed length control field 01063nam a22002897a 4500
001 - CONTROL NUMBER
control field 8006
003 - CONTROL NUMBER IDENTIFIER
control field FISKH
005 - DATE AND TIME OF LATEST TRANSACTION
control field 20250818152404.0
008 - FIXED-LENGTH DATA ELEMENTS--GENERAL INFORMATION
fixed length control field 250818b cb ||||| |||| 00| 0 eng d
020 ## - INTERNATIONAL STANDARD BOOK NUMBER
International Standard Book Number 9781407531342
040 ## - CATALOGING SOURCE
Original cataloging agency FISKH
Language of cataloging eng
Transcribing agency FISKH
Modifying agency FISKH
050 ## - LIBRARY OF CONGRESS CALL NUMBER
Classification number PZ7.A38424 P
082 ## - DEWEY DECIMAL CLASSIFICATION NUMBER
Classification number 428.6
100 ## - MAIN ENTRY--PERSONAL NAME
Personal name Alfonsi, Alice
245 ## - TITLE STATEMENT
Title Stories from East high :
Remainder of title Poetry in Motion /
Statement of responsibility, etc. By Alice Alfonsi
250 ## - EDITION STATEMENT
Edition statement This edition published by Parragon in 2008
260 ## - PUBLICATION, DISTRIBUTION, ETC.
Place of publication, distribution, etc. Bath, New York :
Name of publisher, distributor, etc. PaRRagon ,
Date of publication, distribution, etc. 2007.
300 ## - PHYSICAL DESCRIPTION
Extent 144 pages :
Other physical details illustrations ;
Dimensions 20 cm .
490 ## - SERIES STATEMENT
Series statement Disney High School Musical: Stories from East High
Volume/sequential designation 3
505 ## - FORMATTED CONTENTS NOTE
Formatted contents note R <br/>
520 ## - SUMMARY, ETC.
Summary, etc. Chad doesn't know if he can pull off his English class assignment of reciting an original poem in front of the entire school after remembering his last poetry reading and how embarrassing it was.<br/>
521 8# - TARGET AUDIENCE NOTE
Target audience note 700 <br/>
Source Lexile estimate <br/>
521 8# - TARGET AUDIENCE NOTE
Target audience note R <br/>
Source Raz-Plus <br/>
650 ## - SUBJECT ADDED ENTRY--TOPICAL TERM
Topical term or geographic name entry element High School Musical
Form subdivision Chilldren's Fiction
942 ## - ADDED ENTRY ELEMENTS (KOHA)
Source of classification or shelving scheme Dewey Decimal Classification
Koha item type Books
Suppress in OPAC No
Holdings
Withdrawn status Lost status Source of classification or shelving scheme Damaged status Not for loan Home library Current library Shelving location Date acquired Total Checkouts Full call number Barcode Date last seen Price effective from Koha item type
    Dewey Decimal Classification     Footprints International School Library Network Toul Tom Poung Campus Footprints International School Library Network Toul Tom Poung Campus TTP Primary Orange Bookshelves 08/18/2025   ALF 428.6 PZ7.A38424 P FIS02369 08/18/2025 08/18/2025 Books